| 000 | 00941cam a22002771 4500 | ||
|---|---|---|---|
| 001 | ne 66000375 | ||
| 003 | DLC | ||
| 005 | 20260227111821.0 | ||
| 008 | 890922s1964 le 000 0 ara | ||
| 010 | _ane 66000375 | ||
| 025 | _aPL480:UAR-6521 | ||
| 035 | _a(OCoLC)20383677 | ||
| 040 |
_aDLC _cWaU _dWaU _dDLC |
||
| 043 |
_aa------ _af------ |
||
| 050 | 0 | 0 |
_aG370 _b.I2 1964a |
| 100 | 0 |
_aIbn Batuta, _d1304-1377. |
|
| 240 | 1 | 0 |
_aTuḥfat al-nuẓẓār fī gharāʼib al-amṣār wa-ʻajāʼib al-asfār. _kSelections |
| 245 | 1 | 0 | _aRiḥlat Ibn Baṭtūṭah. |
| 260 |
_aBayrūt, _bDār Ṣādir, _c1964. |
||
| 300 |
_a749 p. _c24 cm. |
||
| 500 | _aCover title: The travels of Ibn Baṭṭuta. | ||
| 500 | _aTitle, p. 6: Tuḥfat al-nuẓẓār fī gharāʼib al-amṣār wa-ʻajāʼib al-asfār. | ||
| 651 | 0 |
_aAsia _xDescription and travel. |
|
| 651 | 0 |
_aAfrica _xDescription and travel. |
|
| 740 | 0 | _aTravels of Ibn Baṭṭuta. | |
| 999 |
_c48707 _d48707 |
||